000 00514cam a2200193ua 4500
001 11584
008 191010n ii |||gr||||Z||||||eng
020 _a9780198063124
040 _cMAIN
041 _aeng
082 _a934
100 _aNoboru Karashima,
_eAuthor.
245 _aAncient to medieval :
_bSouth indian society in transition /
_cBy Noboru Karashima .
250 _a1st ed.
260 _aNew Delhi:
_bOxford university press,
_c2009.
300 _a301p.
653 _aIndia to 647
942 _cBK
999 _c10403
_d10403